Progresismo militar en América Latina durante el período entre guerras /
Na minha lista:
| Autor principal: | |
|---|---|
| Formato: | Texto |
| Assuntos: | |
| Tags: |
Adicionar Tag
Sem tags, seja o primeiro a adicionar uma tag!
|
MARC
| LEADER | 00000 a a2200000 04500 | ||
|---|---|---|---|
| 001 | 44232 | ||
| 003 | |||
| 040 | |||
| 100 | |a Boils Morales, Guillermo | ||
| 245 | |a Progresismo militar en América Latina durante el período entre guerras / |c Guillermo Boils Morales | ||
| 650 | |a MILITARISMO | ||
| 650 | |a AMERICA LATINA | ||
| 650 | |a GUERRA | ||
| 650 | |a CAPITALISMO | ||
| 773 | |g volumen40, número3 (1978), Páginas 851-866 | ||
| 999 | |c 39640 |d 39640 | ||
